000 00334nam a22001457a 4500
008 210604b ||||| |||| 00| 0 eng d
020 _a9780536749703
041 _aeng
080 _22nd
_a510
082 _a510
100 _a36
101 _aMAT
245 _aDevelopmental Mathematics 031 Prealgebra
_cLial,M.L
942 _2udc
_cBK
999 _c57949
_d57949